[Event "Torino dell'Ariete op"]
[Site "Torino"]
[Date "2015.04.23"]
[Round "5"]
[White "Carra, Andrea"]
[Black "Vozza, Augusto"]
[Result "1-0"]
[WhiteElo "1416"]
[BlackElo "1544"]
[PlyCount "73"]
[EventDate "2015.03.26"]
[EventType "swiss"]
[EventRounds "7"]
[EventCountry "ITA"]
[SourceTitle "EXT 2017"]
[Source "ChessBase"]
[SourceDate "2016.10.25"]
[SourceVersion "1"]
[SourceVersionDate "2016.10.25"]
[SourceQuality "1"]

1. d4 Nf6 2. Nf3 d6 3. e3 h6 4. Bd3 Nc6 5. Nbd2 Bg4 6. c4 e5 7. Be2 Qd7 8. 0-0 Be7 9. h3 Bf5 10. a3 0-0 11. d5 Nd8 12. b4 c6 13. Qb3 cxd5 14. cxd5 b5 15. Bb2 e4 16. Nd4 a6 17. Rac1 Nb7 18. Nxf5 Qxf5 19. Rc7 Ra7 20. Rxe7 Na5 21. bxa5 Rxe7 22. Rc1 Rc8 23. Rxc8+ Qxc8 24. Bxf6 gxf6 25. Bg4 f5 26. Bh5 Rc7 27. Kh2 Qe8 28. Nf1 Qe5+ 29. Ng3 f4 30. exf4 Qxf4 31. Qe3 Qxe3 32. fxe3 Rc3 33. Nxe4 Rxe3 34. Nxd6 f6 35. Bg4 Rxa3 36. Nb7 Rd3 37. d6 1-0

[Event "Torino Martedi-C 3rd"]
[Site "Torino"]
[Date "2013.10.15"]
[Round "5"]
[White "Vozza, Augusto"]
[Black "Liviabella, Lucio"]
[Result "0-1"]
[WhiteElo "1577"]
[BlackElo "1557"]
[PlyCount "80"]
[EventDate "2013.09.17"]
[EventType "tourn"]
[EventRounds "7"]
[EventCountry "ITA"]
[SourceTitle "EXT 2024"]
[Source "ChessBase"]
[SourceDate "2023.10.10"]
[SourceVersion "1"]
[SourceVersionDate "2023.10.10"]
[SourceQuality "1"]

1. e4 c5 2. Nf3 Nc6 3. Bb5 d6 4. Bxc6+ bxc6 5. Nc3 g6 6. d3 Bg7 7. Bd2 Nf6 8. h3 0-0 9. 0-0 Bd7 10. Re1 Qc8 11. Bf4 e5 12. Be3 Rb8 13. Rb1 Nh5 14. Qd2 f5 15. Bh6 f4 16. Bxg7 Kxg7 17. Kf1 h6 18. Ke2 g5 19. b3 g4 20. Nh4 gxh3 21. gxh3 Kh7 22. Rg1 Bxh3 23. Nf5 Bxf5 24. exf5 d5 25. Rbe1 Rxf5 26. Kd1 Qf8 27. Rg2 c4 28. Rh1 cxd3 29. cxd3 Qf7 30. Rgh2 Rg8 31. Qe2 Rfg5 32. Qc2 Qg6 33. Ne2 Kg7 34. Qc5 Rf8 35. f3 Qxd3+ 36. Ke1 Qg6 37. Qc3 d4 38. Qd2 d3 39. Nc3 Rg1+ 40. Kf2 Qg3# 0-1

[Event "Torino Martedi-C 3rd"]
[Site "Torino"]
[Date "2013.10.08"]
[Round "4"]
[White "Chianale, Angelo"]
[Black "Vozza, Augusto"]
[Result "1-0"]
[WhiteElo "1491"]
[BlackElo "1577"]
[PlyCount "91"]
[EventDate "2013.09.17"]
[EventType "tourn"]
[EventRounds "7"]
[EventCountry "ITA"]
[SourceTitle "EXT 2024"]
[Source "ChessBase"]
[SourceDate "2023.10.10"]
[SourceVersion "1"]
[SourceVersionDate "2023.10.10"]
[SourceQuality "1"]

1. e4 c6 2. d3 d6 3. f4 Nf6 4. Nf3 Bg4 5. h3 Bxf3 6. Qxf3 Nbd7 7. Nc3 e5 8. f5 Be7 9. Be2 h6 10. Bd2 Nh7 11. g4 Bh4+ 12. Kd1 Ng5 13. Qg2 Nb6 14. Be1 Bxe1 15. Kxe1 f6 16. h4 Nf7 17. Kd2 Qe7 18. a4 a5 19. Rhb1 d5 20. exd5 Nxd5 21. Nxd5 cxd5 22. Qxd5 0-0 23. Rh1 Rfd8 24. Qb3 Rd7 25. Rag1 Kh8 26. Kc1 Qc5 27. Qc3 Qb6 28. g5 Rc7 29. Qd2 Rac8 30. Bd1 Qb3 31. c4 Qa2 32. b3 Qa1+ 33. Kc2 Qd4 34. gxf6 gxf6 35. Bh5 Rg8 36. Rxg8+ Kxg8 37. Qg2+ Kf8 38. Rg1 Ng5 39. hxg5 hxg5 40. Bf3 b6 41. Rh1 Rd7 42. Be4 Rc7 43. Qh2 Qxe4 44. Qh8+ Ke7 45. Rh7+ Kd6 46. Qf8+ 1-0

[Event "Torino Estate Alfieri B"]
[Site "Torino"]
[Date "2011.05.17"]
[Round "3"]
[White "Iacomussi, Mario"]
[Black "Vozza, Augusto"]
[Result "1-0"]
[WhiteElo "1755"]
[BlackElo "1566"]
[PlyCount "82"]
[EventDate "2011.05.03"]
[EventType "tourn"]
[EventRounds "7"]
[EventCountry "ITA"]
[SourceTitle "EXT 2024"]
[Source "ChessBase"]
[SourceDate "2023.10.10"]
[SourceVersion "1"]
[SourceVersionDate "2023.10.10"]
[SourceQuality "1"]

1. e4 c6 2. f4 d5 3. e5 Bf5 4. d4 h6 5. Nd2 e6 6. Ngf3 Be7 7. c4 dxc4 8. Nxc4 b5 9. Ne3 Be4 10. Be2 Qa5+ 11. Kf2 Qc7 12. d5 exd5 13. Nd4 Bh4+ 14. Kf1 Nd7 15. Bd2 Rc8 16. Nef5 Bxf5 17. Nxf5 Be7 18. Nxg7+ Kf8 19. Nf5 Bc5 20. b4 Ne7 21. Qc2 Bb6 22. Nd6 Rb8 23. Rc1 Nc8 24. Nxb5 cxb5 25. Qxc7 Bxc7 26. Rxc7 Ndb6 27. Bxb5 Na8 28. Rc5 Nab6 29. a4 Nc4 30. Bxc4 dxc4 31. Rxc4 Nb6 32. Rc7 Rd8 33. Ke2 Nxa4 34. Rxa7 Nb2 35. Rc1 Kg7 36. Rcc7 Rhf8 37. e6 Kg8 38. Bc3 Nd3 39. exf7+ Kh7 40. g3 Nc1+ 41. Kf3 Na2 1-0

[Event "Torino Estate Alfieri B"]
[Site "Torino"]
[Date "2011.05.03"]
[Round "1"]
[White "Vozza, Augusto"]
[Black "Trusso Cafarello, Sebastiano"]
[Result "1/2-1/2"]
[WhiteElo "1566"]
[BlackElo "1697"]
[PlyCount "97"]
[EventDate "2011.05.03"]
[EventType "tourn"]
[EventRounds "7"]
[EventCountry "ITA"]
[SourceTitle "EXT 2024"]
[Source "ChessBase"]
[SourceDate "2023.10.10"]
[SourceVersion "1"]
[SourceVersionDate "2023.10.10"]
[SourceQuality "1"]

1. e4 c5 2. Nf3 d6 3. d3 Nf6 4. Nbd2 Nc6 5. c3 g6 6. g3 Bg7 7. Bg2 0-0 8. 0-0 Bg4 9. Re1 Qc8 10. Nf1 Bh3 11. Ne3 Bxg2 12. Kxg2 Qc7 13. Nd5 Nxd5 14. exd5 Ne5 15. Nxe5 Bxe5 16. Bh6 Bg7 17. Qd2 Qd7 18. Re4 e5 19. dxe6 fxe6 20. Rae1 Rae8 21. Bxg7 Kxg7 22. Qe3 e5 23. f4 Qc6 24. Kg1 exf4 25. gxf4 Rxe4 26. dxe4 Qb6 27. Re2 Qa6 28. b3 Rxf4 29. Qxf4 Qxe2 30. Qxd6 Qxe4 31. Qxc5 Qb1+ 32. Kg2 Qxa2+ 33. Kg3 Qxb3 34. Qe7+ Qf7 35. Qe5+ Kh6 36. h4 Qf5 37. Qe3+ g5 38. Qxa7 Qf4+ 39. Kg2 Qd2+ 40. Kf1 Qxc3 41. hxg5+ Kxg5 42. Qxb7 Qd3+ 43. Kg2 Qg6 44. Qf3 Kh4+ 45. Kf2 Qc2+ 46. Kg1 Qc1+ 47. Kh2 Qd2+ 48. Qg2 Qf4+ 49. Kh1 1/2-1/2

[Event "Torino Alfieri op 2nd"]
[Site "Torino"]
[Date "2010.04.21"]
[Round "1"]
[White "Riccardi, Mauro"]
[Black "Vozza, Augusto"]
[Result "1/2-1/2"]
[WhiteElo "1818"]
[BlackElo "1540"]
[PlyCount "40"]
[EventDate "2010.04.21"]
[EventType "swiss"]
[EventRounds "5"]
[EventCountry "ITA"]
[SourceTitle "EXT 2024"]
[Source "ChessBase"]
[SourceDate "2023.10.10"]
[SourceVersion "1"]
[SourceVersionDate "2023.10.10"]
[SourceQuality "1"]

1. d4 d5 2. c4 c6 3. Nf3 Nd7 4. Nc3 Ngf6 5. e3 e6 6. Qc2 Bb4 7. Bd2 Qa5 8. g4 g6 9. h3 dxc4 10. Bxc4 b5 11. Be2 Bb7 12. e4 Rc8 13. 0-0 a6 14. a3 Be7 15. e5 Ng8 16. Ne4 Qd8 17. Qb3 c5 18. Ng3 cxd4 19. Rfe1 Nc5 20. Qd1 Qd5 1/2-1/2

[Event "Turin Piemonte op 8th"]
[Site "Turin"]
[Date "2008.09.19"]
[Round "1"]
[White "Vozza, Augusto"]
[Black "Rotundo, Raffaele"]
[Result "0-1"]
[WhiteElo "1562"]
[BlackElo "1998"]
[PlyCount "78"]
[EventDate "2008.09.19"]
[EventType "swiss"]
[EventRounds "6"]
[EventCountry "ITA"]
[SourceTitle "EXT 2011"]
[Source "ChessBase"]
[SourceDate "2010.11.26"]
[SourceVersion "1"]
[SourceVersionDate "2010.11.26"]
[SourceQuality "1"]

1. e4 e6 2. d4 d5 3. Nc3 Nf6 4. e5 Nfd7 5. Nce2 c5 6. c3 Nc6 7. f4 Be7 8. Nf3 0-0 9. g3 f6 10. Bh3 f5 11. 0-0 cxd4 12. Nfxd4 Nc5 13. Bg2 Ne4 14. Bxe4 fxe4 15. Kh1 Qb6 16. Rb1 Qa6 17. Ra1 Bd7 18. b4 Qc4 19. Bb2 a5 20. a3 Na7 21. Qb3 Rfc8 22. Qxc4 Rxc4 23. Rfe1 Nc8 24. Nb3 axb4 25. axb4 Rxa1 26. Rxa1 Nb6 27. Na5 Rc7 28. Nd4 Kf7 29. b5 g5 30. Rf1 gxf4 31. Rxf4+ Kg7 32. Rg4+ Kh8 33. Rf4 Na4 34. Rf7 Be8 35. Rf2 Nxb2 36. Rxb2 Rxc3 37. Nxe6 Bh5 38. Nf4 Bf3+ 39. Ng2 Rc1# 0-1